Eva Kmentová : kresby a plastiky : Východočeská galeri v Pardubicích, leden 1989 /

Hlavní autor: Kmentová, Eva, 1928-1980
Korporativní autor: Východočeská galerie (Pardubice, Česko)
Další autoři: Šetlík, Jiří, 1929-2023
Jazyk: Čeština
Vydáno: Pardubice : Východočeská galerie, 1989
Témata:
Fyzický popis: 31 stran : ilustrace
Knihy
Uloženo v:
LEADER 01495nam a22003612i 4500
001 001531705
003 CZ BrMZK
005 20161020122741.0
007 ta
008 160617s1989 xr a er|||||||||||cze d
040 |a BOE303  |b cze  |d ABA100  |d BOA001  |e rda 
072 7 |a 73  |x Sochařství, keramika, porcelán, umělecké zpracování kovů  |2 Konspekt  |9 21 
080 9 |a 730 
080 9 |a 741/744 
080 9 |a 741+730(437.1)"19":92Kmentová(064) 
100 1 |a Kmentová, Eva,  |d 1928-1980  |7 jn99240000468  |4 art 
245 1 0 |a Eva Kmentová :  |b kresby a plastiky : Východočeská galeri v Pardubicích, leden 1989 /  |c text Jiří Šetlík 
246 3 0 |a Kresby a plastiky, Eva Kmentová 
264 1 |a Pardubice :  |b Východočeská galerie,  |c 1989 
300 |a 31 stran :  |b ilustrace 
336 |a text  |b txt  |2 rdacontent 
337 |a bez média  |b n  |2 rdamedia 
338 |a svazek  |b nc  |2 rdacarrier 
500 |a Životopisná data, přehled výstav a zastoupení ve sbírkách 
600 1 7 |a Kmentová, Eva,  |d 1928-1980  |7 jn99240000468  |2 czenas 
653 0 |a Česko  |a sochařky  |a sochařství  |a kresby  |a plastiky  |a papír  |a moderní umění  |a 20. století 
655 7 |a katalogy výstav  |7 fd132536  |2 czenas 
700 1 |a Šetlík, Jiří,  |d 1929-2023  |7 jk01122818  |4 wfw 
710 2 |a Východočeská galerie (Pardubice, Česko)  |7 kn20020322239  |4 isb 
910 |a BOA001  |b X-0939.831 
990 |a BK 
991 |b 201605 
996 6 |b 2619164221  |c X-0939.831  |l MZK  |r Sklad / do 24 hodin  |n 3  |w 001566595  |u 000010  |a 1  |e BOA001  |j MZK50  |s P